[Event "SVK Amateur-ch 2020"]
[Site "Topolcany"]
[Date "2020.07.13"]
[Round "6.13"]
[White "Galdik, Stefan"]
[Black "Ladnak, Marek"]
[Result "0-1"]
[WhiteElo "1583"]
[BlackElo "1887"]
[Annotator "NA"]
[PlyCount "85"]
[EventDate "2020.07.10"]
[EventType "swiss"]
[EventCountry "SVK"]
[SourceTitle "playchess.com"]
[Source "ChessBase"]
[SourceQuality "1"]
[TimeControl "3600+30"]

1. d4 {[%emt 0:00:00]} Nf6 {[%emt 0:00:00]} 2. c4 {[%emt 0:00:00]} g6 {[%emt 0:00:00]} 3. Nc3 {[%emt 0:00:00]} d5 {[%emt 0:00:05]} 4. e3 {[%emt 0:00:00]} Bg7 {[%emt 0:00:12]} 5. Nf3 {[%emt 0:00:00]} O-O {[%emt 0:00:21]} 6. Be2 {[%emt 0:00:03]} dxc4 {[%emt 0:02:25]} 7. Bxc4 {[%emt 0:00:03]} c5 {[%emt 0:00:12] D94: Grünfeld: 4 Nf3 Bg7 5 e3.} 8. O-O {[%emt 0:00:19]} Qa5 {[%emt 0:01:06] [#]} 9. Bd2 $146 {[%emt 0:03:25]} ({Predecessor:} 9. h3 Nbd7 10. Qe2 a6 {0-1 (10) Salmon,G-Tupper,A (1681) ICCF email 2018}) 9... Qc7 {[%emt 0:02:09]} (9... cxd4 $11 {remains equal.} 10. exd4 Nc6) 10. Be2 {[%emt 0:00:47]} cxd4 {[%emt 0:04:24]} 11. Nxd4 {[%emt 0:00:11]} e5 {[%emt 0:03:29]} 12. Ndb5 {[%emt 0:01:13]} Qe7 {[%emt 0:04:02]} 13. e4 {[%emt 0:04:47]} a6 {[%emt 0:00:33]} 14. Na3 {[%emt 0:00:26]} b5 {[%emt 0:06:40]} 15. Nc2 {[%emt 0:05:50]} Bb7 {[%emt 0:02:39]} 16. Bf3 {[%emt 0:00:01]} Rd8 {[%emt 0:08:23]} 17. Qe2 {[%emt 0:01:03]} Nbd7 {[%emt 0:07:56]} 18. Be3 {[%emt 0:06:53] [#]} Nc5 {[%emt 0:07:53]} (18... b4 $1 $17 {[%cal Rb4c3]} 19. Na4 a5) 19. Bxc5 {[%emt 0:00:50]} Qxc5 {[%emt 0:00:07]} 20. a3 {[%emt 0:00:44]} Rd6 {[%emt 0:02:25]} 21. Rfd1 {[%emt 0:01:05]} Rad8 {[%emt 0:01:37]} 22. Rxd6 {[%emt 0:00:12]} Rxd6 {[%emt 0:00:33]} 23. Rd1 {[%emt 0:00:17]} Bh6 {[%emt 0:02:08]} 24. Rd3 {[%emt 0:01:48]} Ne8 {[%emt 0:02:10]} 25. Qd1 {[%emt 0:01:25]} f5 {[%emt 0:01:58]} (25... Rxd3 $15 {keeps the upper hand.} 26. Qxd3 Bc1) 26. exf5 {[%emt 0:03:07] Discovered Attack} Bxf3 {[%emt 0:05:38]} (26... e4 {[%emt 0:05:38]}) (26... Rxd3 $16 {was necessary.} 27. Qxd3 Qd6 28. Qxd6 Nxd6) 27. Qxf3 {[%emt 0:11:11]} e4 {[%emt 0:02:26]} 28. Qxe4 {[%emt 0:01:45]} Nf6 {[%emt 0:00:30]} 29. Qe2 {[%emt 0:00:30]} Rxd3 {[%emt 0:00:30]} 30. Qxd3 {[%emt 0:00:30]} gxf5 {[%emt 0:00:30]} 31. h3 {[%emt 0:00:30]} Bc1 {[%emt 0:01:42]} 32. b4 {[%emt 0:17:42]} Qe5 {[%emt 0:00:27]} 33. Qg3+ {[%emt 0:00:30]} Qxg3 {[%emt 0:00:30]} 34. fxg3 {[%emt 0:00:30]} Bb2 {[%emt 0:00:30]} 35. Nd1 {[%emt 0:00:30]} Be5 {[%emt 0:00:30]} 36. Kf2 {[%emt 0:00:30]} Ne4+ {[%emt 0:00:30]} 37. Kf3 {[%emt 0:00:30]} Nxg3 {[%emt 0:00:30]} 38. Nde3 {[%emt 0:00:30]} Kf7 {[%emt 0:00:43]} 39. Nd5 {[%emt 0:02:13]} Ne4 {[%emt 0:00:30]} 40. Ke3 {[%emt 0:00:30]} Ke6 {[%emt 0:00:30]} 41. Kf3 {[%emt 0:00:30]} Bg7 $2 {[%emt 0:00:00]} ({Black should try} 41... Ng5+ $19 42. Ke2 Kxd5 43. Ne3+ Ke4) 42. Nce3 {[%emt 0:03:45]} Bh6 {[%emt 0:00:03]} 43. g4 $15 {[%emt 0:01:34]} (43. Nc7+ $11 Ke5 44. Nc2) 0-1

[Event "SVK Amateur-ch 2020"]
[Site "Topolcany"]
[Date "2020.07.13"]
[Round "6.14"]
[White "Tropp, Frantisek"]
[Black "Pejko, Otomar"]
[Result "1/2-1/2"]
[WhiteElo "2040"]
[BlackElo "2138"]
[Annotator "ChessBase"]
[PlyCount "66"]
[EventDate "2020.07.10"]
[EventType "swiss"]
[EventCountry "SVK"]
[SourceTitle "playchess.com"]
[Source "ChessBase"]
[SourceQuality "1"]
[TimeControl "3600+30"]

1. e4 {[%emt 0:00:00]} Nf6 {[%emt 0:00:00]} 2. d3 {[%emt 0:00:48]} e5 {[%emt 0:00:00]} 3. f4 {[%emt 0:03:04]} Nc6 {[%emt 0:03:20]} 4. Nf3 {[%emt 0:00:08]} d5 {[%emt 0:04:42]} 5. exd5 {[%emt 0:15:36]} Nxd5 {[%emt 0:08:21]} 6. Nxe5 {[%emt 0:05:30]} Qf6 {[%emt 0:09:03]} 7. Nxc6 {[%emt 0:02:08]} bxc6 {[%emt 0:00:12]} 8. Qf3 {[%emt 0:05:59]} Bc5 {[%emt 0:07:54]} 9. Nd2 {[%emt 0:07:44]} O-O {[%emt 0:15:13]} 10. Ne4 {[%emt 0:01:59]} Qe7 {[%emt 0:04:38]} 11. Kd1 {[%emt 0:02:34]} Re8 {[%emt 0:01:51]} 12. Bd2 {[%emt 0:05:24]} Rb8 {[%emt 0:00:10]} 13. Kc1 {[%emt 0:03:32]} Bb4 {[%emt 0:03:53]} 14. c3 {[%emt 0:01:05]} f5 {[%emt 0:00:25]} 15. cxb4 {[%emt 0:02:01]} fxe4 {[%emt 0:00:14]} 16. dxe4 {[%emt 0:01:22]} Nxb4 {[%emt 0:00:32]} 17. Bc4+ {[%emt 0:00:35]} Be6 {[%emt 0:00:10]} 18. Qc3 {[%emt 0:01:19]} Qf7 {[%emt 0:03:06]} 19. Bxe6 {[%emt 0:01:20]} Qxe6 {[%emt 0:00:02]} 20. Qb3 {[%emt 0:01:51]} Qxb3 {[%emt 0:00:18]} 21. axb3 {[%emt 0:00:30]} Rxe4 {[%emt 0:01:26]} 22. g3 {[%emt 0:02:49]} Rb7 {[%emt 0:02:01]} 23. Ra4 {[%emt 0:00:33]} c5 {[%emt 0:01:55]} 24. Bc3 {[%emt 0:00:42]} Re2 {[%emt 0:00:36]} 25. Rd1 {[%emt 0:00:30]} Nc6 {[%emt 0:01:23]} 26. Rc4 {[%emt 0:00:35]} Nd4 {[%emt 0:00:48]} 27. Bxd4 {[%emt 0:01:43]} cxd4 {[%emt 0:00:01]} 28. Rcxd4 {[%emt 0:00:17]} Rxh2 {[%emt 0:00:23]} 29. R4d3 {[%emt 0:00:10]} Rg2 {[%emt 0:00:17]} 30. R1d2 {[%emt 0:00:01]} Rg1+ {[%emt 0:00:25]} 31. Kc2 {[%emt 0:00:01]} h6 {[%emt 0:00:58]} 32. Rd1 {[%emt 0:01:56]} Rg2+ {[%emt 0:00:04]} 33. R1d2 {[%emt 0:00:23]} Rg1 {[%emt 0:00:01]} 1/2-1/2

[Event "SVK Amateur-ch 2020"]
[Site "Topolcany"]
[Date "2020.07.13"]
[Round "6.14"]
[White "Hlavac, Tomas"]
[Black "Salgovic, Simon"]
[Result "0-1"]
[WhiteElo "1349"]
[BlackElo "1877"]
[Annotator "NA"]
[PlyCount "108"]
[EventDate "2020.07.10"]
[EventType "swiss"]
[EventCountry "SVK"]
[SourceTitle "playchess.com"]
[Source "ChessBase"]
[SourceQuality "1"]
[TimeControl "3600+30"]

{[%evp 12,108,13,-18,0,-60,32767,3,12,10,14,32767,-12,-27,-14,-65,32767,32767,32767,32767,-76,-122,-114,-144,32767,32767,32767,32767,32767,-89,32767,32767,-161,-206,-165,-275,-212,-255,-188,-359,-399,32767,-790,-677,32767,-337,-164,-171,-113,-225,-125,-144,-114,-121,32767,32767,-94,-86,-111,-100,-80,-106,-50,32767,-28,-24,32767,-111,32767,32767,32767,32767,32767,-235,32767,32767,32767,32767,32767,32767,32767,32767,-290,-358,-277,-457,-508,-670,-1019,-1009,-521,-1812,-1737,-1955,-29979,-29981,-29985,-29993,-29993]} 1. e4 {[%emt 0:00:00]} d5 {[%emt 0:00:00]} 2. e5 {[%emt 0:00:00]} Bf5 {[%emt 0:00:23]} 3. d4 {[%emt 0:00:05]} e6 {[%emt 0:00:25]} 4. Nf3 {[%emt 0:00:30]} c5 {[%emt 0:00:35]} 5. c3 {[%emt 0:00:44]} Nc6 {[%emt 0:00:08]} 6. Be2 {[%emt 0:00:35] B01: Scandinavian Defence.} h6 {[%emt 0:04:44]} 7. Be3 {[%emt 0:01:26]} cxd4 {[%emt 0:02:27]} 8. cxd4 {[%emt 0:00:22] [#]} Bb4+ $146 {[%emt 0:00:43]} ({Predecessor:} 8... Nge7 9. Nc3 Ng6 10. a3 Nh4 11. O-O Nxf3+ 12. Bxf3 Be7 13. Ne2 O-O 14. Ng3 Bg6 {½-½ (34) Klimczok,N (1511)-Gadek,M (1857) Polanica Zdroj 2009}) 9. Nc3 {[%emt 0:00:33]} Nge7 {[%emt 0:00:25]} 10. O-O {[%emt 0:00:33]} O-O {[%emt 0:00:14]} 11. Qd2 {[%emt 0:00:53]} Bh7 {[%emt 0:00:53]} 12. g4 {[%emt 0:04:19]} Be4 {[%emt 0:12:47]} 13. a3 {[%emt 0:01:43]} Bxc3 {[%emt 0:04:11]} 14. bxc3 {[%emt 0:00:10]} Na5 {[%emt 0:03:09]} 15. Qb2 {[%emt 0:02:02]} Nc4 {[%emt 0:18:14]} 16. Bxc4 {[%emt 0:00:31]} (16. Qc1 $15) 16... dxc4 {[%emt 0:01:37]} 17. Nd2 {[%emt 0:00:39]} Bd3 {[%emt 0:01:53]} 18. Rfe1 {[%emt 0:02:18]} Nd5 {[%emt 0:02:46]} 19. Nf3 {[%emt 0:02:17]} Be4 {[%emt 0:02:12]} 20. Nd2 {[%emt 0:03:03]} Bd3 {[%emt 0:00:25]} 21. Nf3 {[%emt 0:02:25]} Rc8 {[%emt 0:02:15]} 22. Rac1 {[%emt 0:02:34]} (22. a4 $17 {might work better.}) 22... Qe7 {[%emt 0:00:52]} 23. h4 {[%emt 0:04:40]} (23. a4 $142) 23... Rc6 {[%emt 0:02:09]} 24. h5 {[%emt 0:03:51]} Kh7 {[%emt 0:04:36]} 25. Kg2 $2 {[%emt 0:04:00]} (25. a4) 25... Be4 {[%emt 0:02:21]} 26. Rh1 {[%emt 0:03:01]} Nxe3+ {[%emt 0:00:32]} 27. fxe3 {[%emt 0:00:13]} Qg5 {[%emt 0:00:18]} 28. Kg3 {[%emt 0:06:19] [#]} Qxe3 {[%emt 0:00:41]} (28... Bxf3 $142 $1 29. Kxf3 f5) 29. Rhf1 {[%emt 0:00:16]} Rb6 {[%emt 0:01:09]} 30. Qg2 {[%emt 0:01:05]} (30. Qd2 $17 Qxd2 31. Nxd2) 30... Bxf3 {[%emt 0:00:21]} (30... f5 $19 31. Qd2 f4+ 32. Kh3 Kg8 33. Qxe3 fxe3) 31. Qxf3 {[%emt 0:01:25]} Qxf3+ {[%emt 0:00:09]} 32. Rxf3 {[%emt 0:00:25]} Rb3 {[%emt 0:00:19]} 33. Ra1 {[%emt 0:00:33]} Kg8 {[%emt 0:00:54]} 34. a4 {[%emt 0:00:35]} a5 {[%emt 0:00:47]} 35. Kf4 {[%emt 0:00:35]} f6 {[%emt 0:01:13]} 36. Re3 {[%emt 0:00:56]} Kf7 {[%emt 0:00:30]} 37. Ke4 {[%emt 0:02:06]} Rd8 {[%emt 0:00:34]} 38. Rf3 {[%emt 0:01:23]} Ke7 {[%emt 0:00:12]} 39. Kf4 {[%emt 0:02:22]} ({White should play} 39. Raf1 $15) 39... Rb2 {[%emt 0:00:35]} 40. Ke4 {[%emt 0:02:31]} Re2+ {[%emt 0:00:03]} 41. Kf4 {[%emt 0:02:29]} fxe5+ {[%emt 0:00:05]} 42. dxe5 {[%emt 0:01:15]} Rf8+ {[%emt 0:00:38]} 43. Kg3 {[%emt 0:00:09]} Rxf3+ {[%emt 0:00:05]} 44. Kxf3 {[%emt 0:00:05]} Rc2 {[%emt 0:01:20]} 45. Rb1 {[%emt 0:00:41]} Rxc3+ {[%emt 0:00:11]} 46. Ke4 {[%emt 0:00:28]} Rb3 {[%emt 0:00:07]} 47. Rc1 {[%emt 0:00:51]} Rb4 {[%emt 0:00:56]} 48. Kd4 {[%emt 0:04:55]} Rxa4 {[%emt 0:00:23]} 49. Kc5 {[%emt 0:00:35]} Rb4 {[%emt 0:00:16]} 50. Ra1 {[%emt 0:00:46]} b6+ {[%emt 0:01:02]} 51. Kc6 {[%emt 0:00:47]} (51. Kd4 $142) 51... c3 {[%emt 0:00:23]} 52. Rd1 {[%emt 0:00:39]} c2 {[%emt 0:00:18]} 53. Rd7+ {[%emt 0:00:52]} Ke8 {[%emt 0:00:22]} 54. Kd6 {[%emt 0:04:03]} Rd4+ {[%emt 0:00:06]} 0-1

[Event "SVK Amateur-ch 2020"]
[Site "Topolcany"]
[Date "2020.07.13"]
[Round "6.15"]
[White "Bochnicka, Vladimir"]
[Black "Stevik, Patrik ml."]
[Result "1-0"]
[WhiteElo "2123"]
[BlackElo "2047"]
[Annotator "ChessBase"]
[PlyCount "97"]
[EventDate "2020.07.10"]
[EventType "swiss"]
[EventCountry "SVK"]
[SourceTitle "playchess.com"]
[Source "ChessBase"]
[SourceQuality "1"]
[TimeControl "3600+30"]

1. e4 {[%emt 0:00:00]} b6 {[%emt 0:00:37]} 2. d4 {[%emt 0:00:00]} Bb7 {[%emt 0:00:08]} 3. Bd3 {[%emt 0:00:08]} e6 {[%emt 0:01:05]} 4. Nf3 {[%emt 0:00:11]} Be7 {[%emt 0:00:59]} 5. O-O {[%emt 0:00:11]} c5 {[%emt 0:01:01]} 6. c3 {[%emt 0:00:10]} d6 {[%emt 0:00:42]} 7. Re1 {[%emt 0:00:35]} Nf6 {[%emt 0:00:18]} 8. Nbd2 {[%emt 0:00:21]} Nbd7 {[%emt 0:01:33]} 9. Nf1 {[%emt 0:00:24]} Rc8 {[%emt 0:01:39]} 10. Ng3 {[%emt 0:04:50]} Qc7 {[%emt 0:03:16]} 11. Bd2 {[%emt 0:00:27]} O-O {[%emt 0:06:05]} 12. Rc1 {[%emt 0:02:38]} Qb8 {[%emt 0:05:00]} 13. Qe2 {[%emt 0:03:12]} cxd4 {[%emt 0:04:31]} 14. cxd4 {[%emt 0:00:23]} Rxc1 {[%emt 0:00:58]} 15. Rxc1 {[%emt 0:00:08]} Rc8 {[%emt 0:00:14]} 16. Qd1 {[%emt 0:04:27]} Rxc1 {[%emt 0:05:10]} 17. Qxc1 {[%emt 0:00:29]} Qc8 {[%emt 0:00:55]} 18. Qxc8+ {[%emt 0:01:22]} Bxc8 {[%emt 0:00:01]} 19. Bb4 {[%emt 0:02:40]} Kf8 {[%emt 0:03:42]} 20. Kf1 {[%emt 0:02:19]} g6 {[%emt 0:02:42]} 21. Ne2 {[%emt 0:00:22]} Bb7 {[%emt 0:03:47]} 22. Nc3 {[%emt 0:02:16]} Ne8 {[%emt 0:07:14]} 23. Nd2 {[%emt 0:03:51]} Nc7 {[%emt 0:06:13]} 24. f3 {[%emt 0:01:40]} Ba6 {[%emt 0:01:34]} 25. Ke2 {[%emt 0:00:59]} Bxd3+ {[%emt 0:00:42]} 26. Kxd3 {[%emt 0:00:01]} d5 {[%emt 0:00:34]} 27. Bxe7+ {[%emt 0:01:08]} Kxe7 {[%emt 0:00:01]} 28. e5 {[%emt 0:00:43]} f6 {[%emt 0:01:28]} 29. f4 {[%emt 0:00:26]} f5 {[%emt 0:03:43]} 30. b4 {[%emt 0:02:02]} a6 {[%emt 0:01:03]} 31. a4 {[%emt 0:02:38]} Nb8 {[%emt 0:02:06]} 32. b5 {[%emt 0:02:53]} a5 {[%emt 0:00:59]} 33. Ke3 {[%emt 0:00:19]} Nd7 {[%emt 0:00:16]} 34. Kf3 {[%emt 0:00:52]} Kf7 {[%emt 0:01:12]} 35. h3 {[%emt 0:01:27]} Nf8 {[%emt 0:01:42]} 36. g4 {[%emt 0:01:22]} Ne8 {[%emt 0:01:46]} 37. Nd1 {[%emt 0:00:10]} Nd7 {[%emt 0:00:51]} 38. Ne3 {[%emt 0:00:21]} Ng7 {[%emt 0:00:26]} 39. Kg3 {[%emt 0:00:19]} Ne8 {[%emt 0:00:15]} 40. Nf3 {[%emt 0:00:19]} Nc7 {[%emt 0:00:41]} 41. Ng5+ Kg7 42. Nf1 {[%emt 0:03:46]} Nf8 {[%emt 0:00:40]} 43. Kh4 {[%emt 0:00:29]} Ne8 {[%emt 0:01:22]} 44. Kg3 {[%emt 0:02:23]} Nd7 45. Nxe6+ {[%emt 0:00:12]} Kf7 {[%emt 0:00:23]} 46. Ng5+ {[%emt 0:00:29]} Kg7 {[%emt 0:00:02]} 47. gxf5 {[%emt 0:00:11]} gxf5 {[%emt 0:00:02]} 48. Ne3 {[%emt 0:00:21]} Nc7 {[%emt 0:00:47]} 49. Nxf5+ {[%emt 0:00:20]} 1-0

[Event "SVK Amateur-ch 2020"]
[Site "Topolcany"]
[Date "2020.07.13"]
[Round "6.15"]
[White "Lesniak, Wojciech"]
[Black "Wozniak, Marcin"]
[Result "0-1"]
[WhiteElo "1368"]
[BlackElo "2212"]
[Annotator "TA"]
[PlyCount "68"]
[EventDate "2020.07.10"]
[EventType "swiss"]
[EventCountry "SVK"]
[SourceTitle "playchess.com"]
[Source "ChessBase"]
[SourceQuality "1"]

{[%evp 14,68,90,39,44,45,51,-43,56,7,36,-104,-73,-144,-101,-150,-139,-183,-186,-186,-171,-160,-164,-156,-102,-99,-66,-75,-65,-78,-70,-239,-254,-249,-252,-252,-249,-252,-247,-231,-239,-240,-149,-458,-240,-2128,-2152,-2094,-1998,-1799,-1741,-5006,-5006,-2060,-636,-1742,-1188]} 1. d4 Nf6 2. c4 c5 3. d5 b5 4. cxb5 a6 5. f3 d6 6. e4 g6 7. Nc3 Bg7 8. Bc4 ({White should try} 8. a4 $16) 8... O-O {A57: Benko/Volga Gambit.} 9. Nge2 Nbd7 10. Be3 (10. bxa6 $14 Ne5 11. Bb5) 10... Nb6 {[#]} (10... Ne5 $15 11. b3 Nfd7) 11. Bb3 $146 ({Predecessor:} 11. Bd3 Nfd7 12. O-O c4 13. Bc2 axb5 14. Nd4 Ba6 15. a4 bxa4 16. Nc6 Qe8 17. Bxa4 Nxa4 18. Rxa4 {1-0 (54) Wetzel,B-Obermeier,D Bonn 1996}) 11... Nfd7 12. Qd2 {[#]} (12. a4 $14 {keeps the upper hand.}) 12... Ne5 $1 $17 13. Bf4 ({White should play} 13. Bh6) 13... Nec4 14. Bxc4 Nxc4 15. Qc1 axb5 {[%cal Ba6b5,Bb5b4][%mdl 32]} 16. O-O b4 17. Nd1 Ba6 $36 {[%mdl 2048] Black is in control.} 18. Re1 Bb5 (18... Re8 $142 19. Bh6 Bh8) 19. Bh6 Qb6 20. Bxg7 Kxg7 21. a4 Na5 {[%cal Bc4a5,Ba5b3,Bb3a1,Ba1c2][%mdl 32] aiming for ...Nb3.} 22. Qc2 $2 {[#]} ({Wrong is} 22. axb5 $2 Nb3 $19) (22. Qe3 $1 $15 Bc4 23. Nc1) 22... c4+ $1 $19 23. Kh1 Nb3 24. axb5 {Hoping for Rxa8.} Nxa1 ({Weaker is} 24... Rxa1 25. Qxc4 Nc5 26. Qxb4 $17) 25. Qxc4 Rfc8 26. Qd3 Nc2 27. Rf1 Ra2 28. Qb3 $2 {[%mdl 8192] Now White is beyond hope.} (28. f4 $17) 28... Ra1 (28... Qxb5 $142 29. Ng3 Ra1) 29. Nec3 $2 (29. Qd3) 29... bxc3 {Black is clearly winning.} 30. Qxc2 Qxb5 {[%cal Rb5f1]} 31. Rg1 cxb2 32. Qxb2+ Qxb2 33. Nxb2 Rxg1+ 34. Kxg1 Rc1+ {Accuracy: White = 29%, Black = 60%.} 0-1

[Event "SVK Amateur-ch 2020"]
[Site "Topolcany"]
[Date "2020.07.13"]
[Round "6.16"]
[White "Garban, Mario"]
[Black "Sarkozi, Szabolcs"]
[Result "1-0"]
[WhiteElo "2031"]
[BlackElo "2123"]
[Annotator "ChessBase"]
[PlyCount "117"]
[EventDate "2020.07.10"]
[EventType "swiss"]
[EventCountry "SVK"]
[SourceTitle "playchess.com"]
[Source "ChessBase"]
[SourceQuality "1"]
[TimeControl "3600+30"]

1. e4 {[%emt 0:00:00]} c5 {[%emt 0:05:59]} 2. Nf3 {[%emt 0:00:00]} Nc6 {[%emt 0:00:11]} 3. Bc4 {[%emt 0:00:53]} e5 {[%emt 0:00:53]} 4. d3 {[%emt 0:06:31]} Be7 {[%emt 0:00:44]} 5. Nc3 {[%emt 0:01:21]} d6 {[%emt 0:00:35]} 6. Nd5 {[%emt 0:03:36]} Nf6 {[%emt 0:00:47]} 7. Nxe7 {[%emt 0:00:25]} Nxe7 {[%emt 0:01:37]} 8. Bg5 {[%emt 0:03:44]} Ng6 {[%emt 0:02:16]} 9. Bb5+ {[%emt 0:06:53]} Bd7 {[%emt 0:03:23]} 10. Bxd7+ {[%emt 0:00:52]} Qxd7 {[%emt 0:02:50]} 11. Nh4 {[%emt 0:01:22]} Nxh4 {[%emt 0:03:42]} 12. Bxh4 {[%emt 0:00:07]} Qe6 {[%emt 0:02:48]} 13. h3 {[%emt 0:02:10]} Nd7 {[%emt 0:03:09]} 14. Qg4 {[%emt 0:01:09]} Qxg4 {[%emt 0:05:33]} 15. hxg4 {[%emt 0:00:07]} Nb6 {[%emt 0:05:52]} 16. O-O-O {[%emt 0:01:26]} Kd7 {[%emt 0:02:12]} 17. c3 {[%emt 0:00:59]} Ke6 {[%emt 0:01:20]} 18. Bg3 {[%emt 0:04:31]} f6 {[%emt 0:02:41]} 19. d4 {[%emt 0:05:37]} Rac8 {[%emt 0:02:45]} 20. d5+ {[%emt 0:03:31]} Kf7 {[%emt 0:04:02]} 21. f3 {[%emt 0:00:59]} c4 {[%emt 0:04:31]} 22. Bf2 {[%emt 0:00:39]} Nd7 {[%emt 0:00:14]} 23. Kc2 {[%emt 0:07:27]} a6 {[%emt 0:02:44]} 24. b4 {[%emt 0:04:36]} cxb3+ {[%emt 0:01:31]} 25. axb3 {[%emt 0:00:07]} h6 {[%emt 0:00:22]} 26. Kb2 {[%emt 0:01:36]} Rc7 {[%emt 0:01:03]} 27. Rc1 {[%emt 0:00:30]} Rhc8 {[%emt 0:01:30]} 28. c4 {[%emt 0:00:17]} Nc5 {[%emt 0:02:18]} 29. Bxc5 {[%emt 0:01:46]} Rxc5 {[%emt 0:00:03]} 30. Rc2 {[%emt 0:01:04]} Kg6 {[%emt 0:03:10]} 31. g3 {[%emt 0:01:01]} a5 {[%emt 0:01:02]} 32. Rc3 {[%emt 0:05:51]} b6 {[%emt 0:01:47]} 33. Rc2 {[%emt 0:01:29]} b5 {[%emt 0:01:54]} 34. Rhc1 {[%emt 0:00:10]} a4 {[%emt 0:00:33]} 35. b4 {[%emt 0:00:59]} Rxc4 {[%emt 0:00:36]} 36. Rxc4 {[%emt 0:00:04]} bxc4 {[%emt 0:00:13]} 37. Ka3 {[%emt 0:00:42]} Kf7 {[%emt 0:00:53]} 38. Rc3 {[%emt 0:01:22]} g6 {[%emt 0:00:30]} 39. Kxa4 {[%emt 0:00:09]} f5 {[%emt 0:00:24]} 40. gxf5 {[%emt 0:01:35]} gxf5 {[%emt 0:00:01]} 41. exf5 {[%emt 0:00:22]} Kf6 {[%emt 0:00:25]} 42. b5 {[%emt 0:00:52]} Kxf5 {[%emt 0:00:51]} 43. b6 {[%emt 0:00:19]} e4 {[%emt 0:00:31]} 44. Kb5 {[%emt 0:01:30]} exf3 {[%emt 0:00:56]} 45. b7 {[%emt 0:00:28]} Rb8 {[%emt 0:00:21]} 46. Kc6 {[%emt 0:00:10]} Ke4 {[%emt 0:00:36]} 47. Rxc4+ {[%emt 0:00:15]} Kd3 {[%emt 0:00:33]} 48. Rf4 {[%emt 0:00:24]} Ke2 {[%emt 0:00:12]} 49. Kc7 {[%emt 0:00:20]} Rxb7+ {[%emt 0:00:30]} 50. Kxb7 {[%emt 0:00:08]} f2 {[%emt 0:00:01]} 51. Kc6 {[%emt 0:00:15]} f1=Q {[%emt 0:00:04]} 52. Rxf1 {[%emt 0:00:07]} Kxf1 {[%emt 0:00:01]} 53. Kxd6 {[%emt 0:00:17]} Kf2 {[%emt 0:00:15]} 54. g4 {[%emt 0:00:44]} Kf3 {[%emt 0:00:01]} 55. Ke5 {[%emt 0:00:16]} Kxg4 {[%emt 0:00:02]} 56. d6 {[%emt 0:00:13]} h5 {[%emt 0:00:02]} 57. d7 {[%emt 0:00:07]} h4 {[%emt 0:00:02]} 58. d8=Q {[%emt 0:00:09]} Kh3 {[%emt 0:00:02]} 59. Qg5 {[%emt 0:00:15]} 1-0

[Event "SVK Amateur-ch 2020"]
[Site "Topolcany"]
[Date "2020.07.13"]
[Round "6.16"]
[White "Podoba, Milan"]
[Black "Malinovsky, Jozef"]
[Result "1-0"]
[WhiteElo "2027"]
[BlackElo "1698"]
[Annotator "RC"]
[PlyCount "53"]
[EventDate "2020.07.10"]
[EventType "swiss"]
[EventCountry "SVK"]
[SourceTitle "playchess.com"]
[Source "ChessBase"]
[SourceQuality "1"]
[TimeControl "3600+30"]

1. e4 {[%emt 0:00:00]} c5 {[%emt 0:00:00]} 2. c3 {[%emt 0:00:00]} e5 {[%emt 0:00:36]} 3. Nf3 {[%emt 0:00:19]} Nc6 {[%emt 0:00:07]} 4. d4 {[%emt 0:00:33]} cxd4 {[%emt 0:00:14]} 5. cxd4 {[%emt 0:00:08]} exd4 {[%emt 0:02:28]} 6. Nxd4 {[%emt 0:03:53]} Bc5 {[%emt 0:03:39]} 7. Nb3 {[%emt 0:05:34]} Bb6 {[%emt 0:03:02]} 8. Bc4 {[%emt 0:01:23]} Qf6 {[%emt 0:06:20]} 9. O-O {[%emt 0:02:42]} Nh6 {[%emt 0:02:36]} 10. Nc3 {[%emt 0:01:05]} Ne7 {[%emt 0:00:51]} 11. Qh5 {[%emt 0:07:17]} Nhg8 {[%emt 0:02:01]} 12. Be3 {[%emt 0:04:16]} Nh6 {[%emt 0:04:33]} 13. Bxh6 {[%emt 0:10:15]} gxh6 {[%emt 0:00:04]} 14. e5 {[%emt 0:04:11]} Qg6 {[%emt 0:03:35]} 15. Qf3 {[%emt 0:02:48]} Rg8 {[%emt 0:02:28]} 16. Ne4 {[%emt 0:01:07]} Kf8 {[%emt 0:01:33]} 17. Nd6 {[%emt 0:02:38]} Nc6 {[%emt 0:01:05]} 18. Nxf7 {[%emt 0:03:40]} Kg7 {[%emt 0:00:57]} 19. Qc3 {[%emt 0:04:14]} Kf8 {[%emt 0:00:55]} 20. g3 {[%emt 0:00:47]} Rg7 {[%emt 0:02:09]} 21. Nd6 {[%emt 0:00:31]} Ke7 {[%emt 0:03:47]} 22. Bd3 {[%emt 0:02:00]} Qg5 {[%emt 0:00:51]} 23. Nf5+ {[%emt 0:00:31]} Kd8 {[%emt 0:00:04]} 24. Nxg7 {[%emt 0:00:57]} Nxe5 {[%emt 0:00:28]} 25. Nf5 {[%emt 0:02:29]} Nf3+ {[%emt 0:04:25]} 26. Kg2 {[%emt 0:00:23]} Qh5 {[%emt 0:00:27]} 27. Qf6+ {[%emt 0:01:00]} 1-0